Soutěžní politika České republiky po vstupu do Evropské unie, otázka suverenity

Problematika hospodárskej súťaže po vstupe Českej republiky do EÚ. Ochrana súťažného prostredia pred vstupom do EÚ v podmienkach ČR. Súťažná politika v Európskej únii. Reformovaná súťažná politika členských krajín ES, právomoci súťažných úradov členských krajín a právomoci Komisie ES. Problematika...

Full description

Saved in:
Bibliographic Details
Main Author: Hynková, Vendula
Format: Book Chapter
Language:Czech
Subjects:
Tags: Add Tag
No Tags, Be the first to tag this record!

MARC

LEADER 00000naa$a2200000$$$4500
001 0042466
005 20231107114437.1
041 0 |a cze 
044 |a CZ 
245 1 0 |a Soutěžní politika České republiky po vstupu do Evropské unie, otázka suverenity  |c Vendula Hynková 
520 |a Problematika hospodárskej súťaže po vstupe Českej republiky do EÚ. Ochrana súťažného prostredia pred vstupom do EÚ v podmienkach ČR. Súťažná politika v Európskej únii. Reformovaná súťažná politika členských krajín ES, právomoci súťažných úradov členských krajín a právomoci Komisie ES. Problematika spájania súťažiteľov. Orázka verejnej podpory. Verejné zákazky. 
610 2 0 |a súťaž hospodárska 
610 2 0 |a ochrana súťaže hospodárskej 
610 2 0 |a politika protimonopolná 
610 2 0 |a Česko 
610 2 0 |a Európska únia 
610 2 0 |a úrady 
610 2 0 |a právomoc 
100 1 |a Hynková, Vendula